000 00469nam a2200193Ia 4500
008 151119s9999||||xx |||||||||||||| ||und||
082 _a028.5DUB/RAL
082 _bGKKV20740
100 _aDUBIN JILL
245 _aRALPH TROLLS NEW BICYCLE
260 _aNEW YORK
260 _bSCHOLASTIC INC
260 _c1992
600 _aDUBIN JILL
630 _aRALPH TROLLS NEW BICYCLE
700 _aDUBIN JILL
730 _aRALPH TROLLS NEW BICYCLE
942 _cBOOK
999 _c1073607
_d1073604